Noms de famille des enfants de South Park - Statistiques

Statistiques générales
  • Ce quiz a été pris 100 fois
  • Le résultat moyen est 8 sur 15
Statistiques - réponses
Hint Réponse % Correct
Eric Cartman
100%
Stanley Marsh
95%
Wendy Testaburger
83%
Leopold Stotch
72%
Tolkien Black
67%
Kyle Broflovski
63%
Kenneth McCormick
63%
Clyde Donovan
50%
Tweek Tweak
45%
Craig Tucker
43%
Jimmy Valmer
41%
Scott Malkinson
39%
Heidi Turner
34%
Barbara Stevens
20%
Timmy Burch
15%
Aucun quiz correspondant
Distribution des résultats
% des personnes avec chaque résultat
Percentile par nombre de réponses
Votre historique - résultats
Vous n’avez pas pris ce quiz